[Event "World Blitz Women 2016"]
[Site "Doha QAT"]
[Date "2016.12.29"]
[Round "1.2"]
[White "Zhu, Chen"]
[Black "Lagno, Kateryna"]
[Result "1/2-1/2"]
[WhiteTitle "GM"]
[BlackTitle "GM"]
[WhiteElo "2419"]
[BlackElo "2530"]
[WhiteFideId "8600546"]
[BlackFideId "14109336"]
[EventDate "2016.12.29"]

1. d4 Nf6 2. c4 g6 3. Nc3 d5 4. Bg5 Ne4 5. Bh4 Nxc3 6. bxc3 dxc4 7. e3 Be6 8.
Nf3 Bg7 9. Be2 O-O 10. O-O Nd7 11. Nd2 Nb6 12. a4 a5 13. Bf3 Rb8 14. Bg3 Bd7 15.
Ne4 Bc6 16. Nc5 Nd5 17. Qc2 b6 18. Ne4 Qd7 19. Nd2 e6 20. Nxc4 Ne7 21. e4 Bb7
22. Ne5 Qd8 23. Rad1 f6 24. Nd3 Qd7 25. Rfe1 Bc6 26. Nb2 Rbd8 27. c4 Bb7 28. d5
e5 29. c5 bxc5 30. Qxc5 Nc8 31. Rc1 Rf7 32. Qxa5 Nd6 33. h3 h5 34. Rc2 Ra8 35.
Qc3 Bh6 36. Ra1 Ba6 37. Nd3 Bxd3 38. Qxd3 Rxa4 39. Rxa4 Qxa4 40. Qd1 Nxe4 41.
Bxe4 Qxe4 42. Rb2 Rd7 43. Rb8+ Kh7 44. Qb1 Qxb1+ 45. Rxb1 Rxd5 46. f3 Be3+ 47.
Kf1 Rd2 48. Be1 Rc2 49. Rb3 Bd4 50. Rb7 Kg7 51. Ba5 Rf2+ 52. Ke1 Rxg2 53. Rxc7+
Kh6 54. Bb4 g5 55. Rc6 Kg6 56. Be7 e4 57. fxe4 Be5 58. Bxf6 Bxf6 59. e5 Kf5 60.
exf6 Kg6 61. Kf1 Rg3 62. h4 g4 63. Kf2 Rf3+ 64. Kg2 Rxf6 65. Rc5 Rf5 66. Rc6+
Kf7 67. Rh6 Rb5 68. Kg1 Kg7 69. Rc6 Rb3 70. Rc5 Kg6 71. Rc6+ Kf5 72. Rc5+ Kf4
73. Rxh5 Kg3 74. Kf1 Rb1+ 75. Ke2 Kg2 76. Rg5 g3 77. h5 Rh1 78. Ke3 Re1+ 79. Kd2
Re6 80. Rg6 Re5 81. h6 Rh5 82. Ke2 Kh3 83. Kf3 Rf5+ 84. Ke4 Rh5 85. Kf3 Rf5+ 86.
Ke4 Rf8 87. h7 Rh8 88. Rg7 g2 89. Kf3 Kh4 90. Kxg2 Kh5 91. Kg3 Kh6 92. Rc7 Rxh7 1/2-1/2

[Event "World Blitz Women 2016"]
[Site "Doha QAT"]
[Date "2016.12.29"]
[Round "1.3"]
[White "Gunina, Valentina"]
[Black "Charochkina, Daria"]
[Result "1-0"]
[WhiteTitle "GM"]
[BlackTitle "IM"]
[WhiteElo "2525"]
[BlackElo "2383"]
[WhiteFideId "4167570"]
[BlackFideId "4180917"]
[EventDate "2016.12.29"]

1. d4 f5 2. c4 Nf6 3. Nf3 e6 4. e3 b6 5. Be2 Bb7 6. O-O Be7 7. Nc3 O-O 8. d5 Ne4
9. Nd4 Nxc3 10. bxc3 e5 11. Nc2 d6 12. f4 Nd7 13. fxe5 dxe5 14. Bd3 e4 15. Be2
Bc5 16. Nd4 Bxd4 17. cxd4 Qf6 18. a4 a5 19. Ba3 Rf7 20. Qb3 c6 21. dxc6 Bxc6 22.
c5 bxc5 23. Bc4 Rf8 24. Bxc5 Nxc5 25. dxc5 h6 26. Rad1 1-0

[Event "World Blitz Women 2016"]
[Site "Doha QAT"]
[Date "2016.12.29"]
[Round "1.5"]
[White "Ju, Wenjun"]
[Black "Batsiashvili, Nino"]
[Result "1-0"]
[WhiteTitle "GM"]
[BlackTitle "IM"]
[WhiteElo "2579"]
[BlackElo "2482"]
[WhiteFideId "8603006"]
[BlackFideId "13602993"]
[EventDate "2016.12.29"]

1. c4 f5 2. d4 Nf6 3. Nf3 g6 4. g3 Bg7 5. Bg2 O-O 6. O-O d6 7. Nc3 c6 8. Rb1 a5
9. Qb3 Qe8 10. Rd1 Kh8 11. Bf4 Nbd7 12. d5 Nc5 13. Qc2 Bd7 14. Nd4 Rc8 15. Qd2
Ng4 16. b3 Qf7 17. h3 Nf6 18. Bh6 Bxh6 19. Qxh6 Nfe4 20. Nxe4 fxe4 21. f3 cxd5
22. cxd5 Qxd5 23. fxe4 Qe5 24. Nf3 Qg7 25. Qxg7+ Kxg7 26. e5 Ne4 27. Rb2 Bc6 28.
exd6 Nxd6 29. Nd4 Bd7 30. e4 Rc5 31. Re2 Re5 32. Nf3 Rxf3 33. Bxf3 Bxh3 34. Rd5
Re6 35. e5 Nf5 36. Kf2 g5 37. g4 Rc6 38. gxf5 Rc3 39. Rd7 g4 40. Re3 Rxe3 41.
Kxe3 gxf3 42. f6+ Kf8 43. Rxe7 Bg4 44. Rxh7 b5 45. Rg7 Bh5 46. e6 b4 47. e7+ Ke8
48. Rg8+ Kd7 49. Rd8+ 1-0

[Event "World Blitz Women 2016"]
[Site "Doha QAT"]
[Date "2016.12.29"]
[Round "1.6"]
[White "Abdumalik, Zhansaya"]
[Black "Tan, Zhongyi"]
[Result "0-1"]
[WhiteTitle "WGM"]
[BlackTitle "WGM"]
[WhiteElo "2405"]
[BlackElo "2496"]
[WhiteFideId "13703544"]
[BlackFideId "8603642"]
[EventDate "2016.12.29"]

1. e4 d6 2. d4 g6 3. Nc3 Bg7 4. f4 a6 5. Nf3 b5 6. Bd3 Bb7 7. a4 b4 8. Ne2 Nd7
9. O-O Ngf6 10. e5 Nd5 11. c4 bxc3 12. bxc3 O-O 13. e6 fxe6 14. Ng5 Rf6 15. Rb1
Rb8 16. c4 N5b6 17. a5 Nc8 18. Bb2 h6 19. Nf3 Bxf3 20. Rxf3 Nf8 21. d5 e5 22.
Qc2 e6 23. dxe6 Ne7 24. c5 Nxe6 25. fxe5 Rxf3 26. gxf3 Nxc5 27. Bxg6 Nxg6 28.
Qxg6 Qg5+ 29. Qxg5 hxg5 30. exd6 cxd6 31. Rd1 Rxb2 32. Ng3 Be5 33. Nf5 Ne6 34.
Nxd6 Bxh2+ 35. Kf1 Bf4 36. Nc4 Rc2 37. Nb6 Rc1 38. Ke1 Rxd1+ 39. Kxd1 Nd4 40.
Nd5 Bd6 41. Kd2 Nxf3+ 42. Ke3 Ne5 43. Ke4 Kg7 44. Kf5 Nc4 45. Kxg5 Nxa5 46. Kf5
Nc4 47. Ke4 a5 48. Kd4 Ne5 49. Kc3 Kf7 50. Kb3 Ke6 51. Nb6 Nc6 52. Ka4 Bb4 53.
Kb5 Kd6 54. Nc4+ Kc7 55. Nb2 Nd4+ 56. Kc4 Nc6 57. Kb5 Na7+ 58. Ka6 Nc6 59. Kb5
Bc3 60. Na4 Be1 61. Nb2 Nd4+ 62. Kc4 Ne6 63. Kb5 Kb7 64. Nc4 Nc7+ 65. Ka4 Ka6
66. Ne5 Nd5 67. Nd3 Nb6+ 68. Kb3 Bh4 69. Nc5+ Kb5 70. Nd3 Bf6 71. Nf4 a4+ 72.
Ka3 Nc4+ 73. Ka2 Bh8 74. Nd3 Bg7 75. Nf4 Ne3 76. Nd3 Kc4 77. Nf4 Nd1 78. Ka3 Kb5
79. Ne6 Be5 80. Ng5 Bd6+ 81. Ka2 Nc3+ 82. Kb2 Kb4 83. Nf3 a3+ 84. Ka1 Kc4 85.
Nd2+ Kd3 86. Nb3 Bf8 87. Na5 Kc2 88. Nc4 Nb5 89. Ne3+ Kc1 90. Ka2 Kd2 91. Nc4+
Kc2 92. Ne3+ Kd3 93. Nd5 Nc3+ 94. Nxc3 Kxc3 95. Ka1 Kb3 96. Kb1 Bg7 0-1

[Event "World Blitz Women 2016"]
[Site "Doha QAT"]
[Date "2016.12.29"]
[Round "1.8"]
[White "Purtseladze, Maka"]
[Black "Zhao, Xue"]
[Result "0-1"]
[WhiteTitle "IM"]
[BlackTitle "GM"]
[WhiteElo "2347"]
[BlackElo "2504"]
[WhiteFideId "13602659"]
[BlackFideId "8601283"]
[EventDate "2016.12.29"]

1. Nf3 Nf6 2. b3 b5 3. Bb2 Bb7 4. g3 e6 5. Bg2 c5 6. c4 a6 7. d3 Be7 8. O-O O-O
9. Nc3 b4 10. Na4 d6 11. d4 cxd4 12. Nxd4 Bxg2 13. Kxg2 Qc7 14. e3 Nbd7 15. Qf3
Ne5 16. Qe2 Rfd8 17. f4 Qb7+ 18. Nf3 Ned7 19. Kg1 Ne4 20. Nd2 Ndf6 21. Nxe4 Nxe4
22. f5 e5 23. Qg2 Rd7 24. Rad1 Bg5 25. Bc1 Rad8 26. Nb6 Qxb6 27. Qxe4 d5 28.
Rxd5 Rxd5 29. cxd5 Rc8 30. Bd2 h5 31. h4 Bh6 32. f6 g6 33. Qxe5 Qb5 34. Rc1 Re8
35. Qd4 Qe2 36. Re1 Qf3 37. Kh2 Re4 38. Qd3 Qf2+ 39. Kh3 Rg4 40. e4 Bxd2 41. Re2
Qf1+ 42. Kh2 Be1 43. Rg2 Qxd3 0-1

[Event "World Blitz Women 2016"]
[Site "Doha QAT"]
[Date "2016.12.29"]
[Round "1.9"]
[White "Koneru, Humpy"]
[Black "Saduakassova, Dinara"]
[Result "1/2-1/2"]
[WhiteTitle "GM"]
[BlackTitle "WGM"]
[WhiteElo "2557"]
[BlackElo "2428"]
[WhiteFideId "5008123"]
[BlackFideId "13700090"]
[EventDate "2016.12.29"]

1. d4 Nf6 2. Nf3 e6 3. e3 b6 4. Bd3 Bb7 5. O-O d5 6. b3 Be7 7. Bb2 Nbd7 8. Nbd2
O-O 9. c4 Ne4 10. Qe2 c5 11. cxd5 exd5 12. Rfd1 Bf6 13. Ba6 Qc7 14. Rac1 Rac8
15. Bxb7 Qxb7 16. Nf1 Rfd8 17. Ng3 Nxg3 18. hxg3 a5 19. a4 Qc6 20. Rc2 c4 21.
Rdc1 b5 22. axb5 Qxb5 23. Nd2 Nb6 24. Ba3 Re8 25. Qf1 a4 26. bxc4 dxc4 27. Nxc4
Nd5 28. Nd6 Qxf1+ 29. Kxf1 Rxc2 30. Rxc2 Rb8 31. e4 Nb6 32. e5 Be7 33. Rb2 Nd7
34. Rxb8+ Nxb8 35. Ke2 Nc6 36. Kd3 f6 37. f4 g5 38. d5 Nd8 39. Nc4 Bxa3 40. Nxa3
gxf4 41. gxf4 fxe5 42. fxe5 Kf7 43. Kc4 Ke7 44. Kb4 Nf7 45. Nc4 Nxe5 46. Nxe5
Kd6 47. Nf3 Kxd5 48. Kxa4 Ke4 49. Kb4 Kf4 50. Kc4 Kg3 51. Ne1 h5 52. Kd4 h4 53.
Ke4 h3 54. gxh3 Kxh3 1/2-1/2

[Event "World Blitz Women 2016"]
[Site "Doha QAT"]
[Date "2016.12.29"]
[Round "1.10"]
[White "Kashlinskaya, Alina"]
[Black "Harika, Dronavalli"]
[Result "0-1"]
[WhiteTitle "IM"]
[BlackTitle "GM"]
[WhiteElo "2429"]
[BlackElo "2543"]
[WhiteFideId "4198026"]
[BlackFideId "5015197"]
[EventDate "2016.12.29"]

1. d4 Nf6 2. c4 g6 3. Nf3 Bg7 4. g3 O-O 5. Bg2 d6 6. Nc3 Nbd7 7. O-O e5 8. e4
exd4 9. Nxd4 Nc5 10. h3 Re8 11. Re1 Bd7 12. b3 a5 13. Bb2 h5 14. f4 Nh7 15. Qd2
a4 16. Rad1 axb3 17. axb3 c6 18. Qc2 Qb6 19. Kh2 h4 20. gxh4 Nf6 21. Nf3 Nh5 22.
Rxd6 Nxf4 23. Qf2 Qxb3 24. Qxc5 Qxb2 25. Rg1 Qxc3 26. Rxd7 Ra2 27. e5 Qxf3 28.
Qd4 Qxh3# 0-1

[Event "World Blitz Women 2016"]
[Site "Doha QAT"]
[Date "2016.12.29"]
[Round "1.11"]
[White "Dzagnidze, Nana"]
[Black "Gvetadze, Sofio"]
[Result "1-0"]
[WhiteTitle "GM"]
[BlackTitle "IM"]
[WhiteElo "2520"]
[BlackElo "2283"]
[WhiteFideId "13601903"]
[BlackFideId "13601440"]
[EventDate "2016.12.29"]

1. Nf3 g6 2. c4 Bg7 3. g3 e5 4. Nc3 Nc6 5. Bg2 Nge7 6. d3 d6 7. O-O O-O 8. Rb1
h6 9. b4 Be6 10. b5 Nd4 11. Nxd4 exd4 12. Nd5 Nxd5 13. cxd5 Bf5 14. Rb4 Qd7 15.
Bb2 a5 16. bxa6 Rxa6 17. Rxb7 Rxa2 18. Qb3 Ra5 19. Rc1 Rc5 20. Rxc5 dxc5 21. Ba3
Re8 22. Bf3 Bf8 23. Rb8 Kg7 24. Rxe8 Qxe8 25. Qc4 Qe7 26. Kg2 h5 27. h4 Bg4 28.
Bb2 Bxf3+ 29. Kxf3 Kg8 30. e4 Qd7 31. Kg2 Qd6 32. Bc1 Bg7 33. Bf4 Qb6 34. e5 Bf8
35. e6 fxe6 36. dxe6 Be7 37. Qd5 c6 38. Qd7 Qd8 39. Qxc6 Kh7 40. Be5 Qf8 41. Qd7
Kg8 42. Bf4 Kh7 43. Bg5 Qa8+ 44. Kh2 1-0

[Event "World Blitz Women 2016"]
[Site "Doha QAT"]
[Date "2016.12.29"]
[Round "1.14"]
[White "Sloan, Julia Elizabeth"]
[Black "Arabidze, Meri"]
[Result "0-1"]
[WhiteTitle "CM"]
[BlackTitle "IM"]
[WhiteElo "2173"]
[BlackElo "2379"]
[WhiteFideId "2018950"]
[BlackFideId "13604040"]
[EventDate "2016.12.29"]

1. d4 Nf6 2. c4 e6 3. Nf3 Bb4+ 4. Bd2 Qe7 5. Qc2 Bxd2+ 6. Nbxd2 d6 7. e4 e5 8.
d5 O-O 9. h3 a5 10. g4 Na6 11. a3 c6 12. b3 Bd7 13. Bd3 cxd5 14. cxd5 Rfc8 15.
Qb2 Nc5 16. Bc2 Bb5 17. Rc1 Nd3+ 18. Bxd3 Bxd3 19. Rc3 Rxc3 20. Qxc3 Bxe4 21.
Nxe4 Nxe4 22. Qe3 Nf6 23. Qd2 a4 24. b4 Qc7 25. O-O Rc8 26. Nh4 Qc3 27. Qxc3
Rxc3 28. Nf5 Nxd5 29. Rd1 Nf4 30. Rxd6 h6 31. Rb6 Rxa3 32. Rxb7 Rb3 33. Rb8+ Kh7
34. Nd6 Nxh3+ 35. Kg2 Ng5 36. b5 a3 37. Ra8 Ne6 38. Ra6 Nd4 39. b6 a2 40. Rxa2
Rxb6 41. Nc4 Re6 42. Rd2 f6 43. Ne3 Kg6 44. f3 Ra6 45. Kg3 Ra3 46. Kf2 h5 47.
gxh5+ Kxh5 48. Rb2 Kg5 49. Rd2 g6 50. Rb2 f5 51. Rd2 f4 52. Nf1 Rxf3+ 53. Kg2
Ra3 54. Nh2 Kf5 55. Kf2 g5 56. Kg2 g4 0-1

[Event "World Blitz Women 2016"]
[Site "Doha QAT"]
[Date "2016.12.29"]
[Round "1.16"]
[White "Hallaeva, Bahar"]
[Black "Zhukova, Natalia"]
[Result "0-1"]
[WhiteTitle "WFM"]
[BlackTitle "GM"]
[WhiteElo "2112"]
[BlackElo "2440"]
[WhiteFideId "14000679"]
[BlackFideId "14101513"]
[EventDate "2016.12.29"]

1. e4 e6 2. d4 d5 3. e5 c5 4. c3 Nc6 5. Nf3 Bd7 6. a3 f6 7. Bf4 Qb6 8. b4 cxd4
9. cxd4 g5 10. Be3 g4 11. Nh4 f5 12. h3 Bh6 13. hxg4 f4 14. Bc1 Qxd4 15. Qxd4
Nxd4 16. Ra2 Rc8 17. Bd2 Nc2+ 18. Ke2 Bb5+ 19. Kd1 Ba4 20. Ke2 d4 21. Nf3 Bg7
22. Kd3 Bb5+ 23. Ke4 Bc6+ 24. Kd3 Ba4 25. Bxf4 Ne7 26. Kd2 O-O 27. Bd3 Rxf4 28.
Bxh7+ Kf7 29. Ng5+ Ke8 30. Nxe6 Rxf2+ 31. Kd3 Ne1+ 32. Rxe1 Rxa2 33. Nxg7+ Kf7
34. Nf5 Bc2+ 35. Kxd4 Nc6+ 36. Kd5 Bb3+ 37. Ke4 Bc2+ 38. Kf4 Rb2 39. Nd2 Bd3 40.
Nf3 Rb3 41. Ng5+ Kf8 42. Ne6+ Ke8 43. Nd6+ Kd7 44. Nxc8 Kxe6 45. Bf5+ Kf7 46.
e6+ Ke8 47. Bxd3 Rxd3 48. g5 Rd8 49. Nxa7 Nxa7 50. Kf5 Ke7 51. Rh1 Rf8+ 52. Ke5
Nc6+ 53. Kd5 Rf5+ 54. Ke4 Rxg5 55. Rh7+ Kxe6 56. Rxb7 Rxg2 57. b5 Na5 58. Rb6+
Kd7 59. Ra6 Nc4 60. a4 Ra2 61. Kd4 Nd6 62. Kd5 Rd2+ 63. Kc5 Ne4+ 64. Kc4 Kc7 65.
a5 Nd6+ 66. Kb4 Rd4+ 67. Ka3 Nxb5+ 68. Kb2 Rb4+ 69. Kc1 Nd4 70. Rh6 Kb7 71. Kd2
Nc6 72. a6+ Kb6 73. Kc3 Ra4 74. Kb3 Rxa6 75. Kc3 Ra4 76. Kb3 Rg4 77. Kc3 Kc5 78.
Rh5+ Kd6 79. Kd3 Ne5+ 80. Kc3 Kd5 81. Rh8 Rg3+ 82. Kb4 Nc6+ 83. Ka4 Kc4 84. Rh4+
Nd4 85. Rh8 Rg1 86. Rc8+ Kd5 87. Rd8+ Kc5 88. Rc8+ Nc6 89. Kb3 Rg3+ 90. Kc2 Kd5
91. Kd2 Ne5 92. Kc2 Nc4 93. Rd8+ Kc5 94. Rc8+ Kd4 95. Rd8+ Ke4 96. Re8+ Ne5 97.
Ra8 Rh3 98. Ra4+ Kd5 99. Ra5+ Kd4 100. Ra8 Rh2+ 101. Kb3 Nc6 102. Rg8 Rh3+ 103.
Kb2 Kc4 104. Rg4+ Nd4 105. Rg8 Rh2+ 106. Ka3 Nb5+ 107. Ka4 Ra2# 0-1

[Event "World Blitz Women 2016"]
[Site "Doha QAT"]
[Date "2016.12.29"]
[Round "1.17"]
[White "Pham, Le Thao Nguyen"]
[Black "Ovezdurdiyeva, Jemal"]
[Result "1-0"]
[WhiteTitle "IM"]
[BlackTitle "WFM"]
[WhiteElo "2351"]
[BlackElo "2080"]
[WhiteFideId "12401226"]
[BlackFideId "14001888"]
[EventDate "2016.12.29"]

1. d4 Nf6 2. Nf3 g6 3. g3 Bg7 4. Bg2 c6 5. O-O O-O 6. c4 d5 7. Qb3 dxc4 8. Qxc4
Be6 9. Qc2 Qc8 10. Rd1 Na6 11. a3 Bf5 12. Qa4 Nc7 13. Nc3 Ncd5 14. Qb3 a5 15.
Nxd5 Nxd5 16. Bd2 a4 17. Qc4 Be6 18. Qc2 Nc7 19. Qc1 Bb3 20. Re1 Nb5 21. Bc3 Rd8
22. Qe3 Qc7 23. Rec1 Rd7 24. Ne5 Bxe5 25. dxe5 Nxc3 26. Qxc3 Rad8 27. Bf3 1-0

[Event "World Blitz Women 2016"]
[Site "Doha QAT"]
[Date "2016.12.29"]
[Round "2.1"]
[White "Arabidze, Meri"]
[Black "Gunina, Valentina"]
[Result "0-1"]
[WhiteTitle "IM"]
[BlackTitle "GM"]
[WhiteElo "2379"]
[BlackElo "2525"]
[WhiteFideId "13604040"]
[BlackFideId "4167570"]
[EventDate "2016.12.29"]

1. Nf3 Nf6 2. c4 c5 3. g3 b6 4. Bg2 Bb7 5. O-O e6 6. Nc3 Be7 7. d4 cxd4 8. Nxd4
Bxg2 9. Kxg2 O-O 10. e4 d6 11. Qe2 a6 12. Rd1 Qc7 13. Be3 Nbd7 14. Rac1 Qb7 15.
f3 Rac8 16. b3 Rfe8 17. Qf2 h6 18. a4 Rcd8 19. Nde2 Rc8 20. Bf4 Nc5 21. Rb1 Red8
22. b4 Ncd7 23. Bxd6 Bxd6 24. Rxd6 Rxc4 25. b5 axb5 26. Rxb5 Qc7 27. Rd3 Rc8 28.
Rb1 Nc5 29. Rd2 Nfd7 30. Nb5 Qc6 31. Na7 Qb7 32. Nxc8 Qxc8 33. Rc1 Rxa4 34. Nd4
Qa8 35. Rdc2 Nd3 36. Qe3 Nxc1 37. Rxc1 Nc5 38. Nb5 Ra2+ 39. Kh3 e5 40. Qc3 Qc8+
41. g4 Qd7 42. Qc4 Qd2 0-1

[Event "World Blitz Women 2016"]
[Site "Doha QAT"]
[Date "2016.12.29"]
[Round "2.3"]
[White "Zhukova, Natalia"]
[Black "Ju, Wenjun"]
[Result "0-1"]
[WhiteTitle "GM"]
[BlackTitle "GM"]
[WhiteElo "2440"]
[BlackElo "2579"]
[WhiteFideId "14101513"]
[BlackFideId "8603006"]
[EventDate "2016.12.29"]

1. d4 Nf6 2. c4 e6 3. Nf3 d5 4. Nc3 Bb4 5. Bg5 h6 6. Bxf6 Qxf6 7. Rc1 O-O 8. e3
dxc4 9. Bxc4 c5 10. O-O cxd4 11. Nxd4 Bd7 12. Ne4 Qe7 13. Qh5 Nc6 14. Nb3 f5 15.
a3 Bxa3 16. bxa3 fxe4 17. Nc5 Kh8 18. Nxe4 Rf5 19. Qe2 Qxa3 20. Rfd1 Ne5 21. Nd6
Rf6 22. Nxb7 Bc6 23. Nd8 Ba4 24. Bxe6 Bxd1 25. Rxd1 Qe7 26. Qh5 Rxd8 27. Rxd8+
Qxd8 28. Bb3 Rb6 29. Bc2 Rc6 30. Qf5 0-1

[Event "World Blitz Women 2016"]
[Site "Doha QAT"]
[Date "2016.12.29"]
[Round "2.4"]
[White "Tan, Zhongyi"]
[Black "Gaponenko, Inna"]
[Result "1-0"]
[WhiteTitle "WGM"]
[BlackTitle "IM"]
[WhiteElo "2496"]
[BlackElo "2411"]
[WhiteFideId "8603642"]
[BlackFideId "14101181"]
[EventDate "2016.12.29"]

1. c4 e6 2. d4 d5 3. cxd5 exd5 4. Nc3 c6 5. Bf4 Nf6 6. e3 Bd6 7. Bxd6 Qxd6 8.
Bd3 O-O 9. h3 Nbd7 10. Nf3 Re8 11. O-O Ne4 12. Qc2 Qe7 13. b4 Nf8 14. b5 Bd7 15.
bxc6 bxc6 16. Ne5 f6 17. Nxd7 Nxd7 18. Bxe4 dxe4 19. Na4 Rac8 20. Rfc1 Kh8 21.
Rab1 Rc7 22. Nc5 Nb6 23. Na6 Rcc8 24. Nb4 Rc7 25. Qc5 Qd7 26. d5 h6 27. Na6 Rcc8
28. dxc6 Qf7 29. c7 Qxa2 30. Nb4 Qf7 31. Ra1 Nd7 32. Qd5 Qxd5 33. Nxd5 Nb6 34.
Nb4 Re7 35. Rxa7 Na8 36. Rxa8 Rxa8 37. c8=Q+ Rxc8 38. Rxc8+ Kh7 39. Nd5 Re5 40.
Nc3 Re7 41. g4 h5 42. Rc4 hxg4 43. hxg4 1-0

[Event "World Blitz Women 2016"]
[Site "Doha QAT"]
[Date "2016.12.29"]
[Round "2.5"]
[White "Zhao, Xue"]
[Black "Pham, Le Thao Nguyen"]
[Result "1-0"]
[WhiteTitle "GM"]
[BlackTitle "IM"]
[WhiteElo "2504"]
[BlackElo "2351"]
[WhiteFideId "8601283"]
[BlackFideId "12401226"]
[EventDate "2016.12.29"]

1. c4 e6 2. Nf3 Nf6 3. b3 d5 4. Bb2 c5 5. e3 Be7 6. g3 O-O 7. Bg2 b6 8. O-O Bb7
9. Nc3 Nbd7 10. cxd5 Nxd5 11. Nxd5 Bxd5 12. Qc2 Bf6 13. Bxf6 Nxf6 14. Rfd1 Rc8
15. Rac1 h6 16. d3 Qe7 17. h3 Rfd8 18. Kh2 Bc6 19. Qb2 Qb7 20. e4 Qe7 21. Ne5
Bb7 22. f4 Nd7 23. Nc4 Nb8 24. e5 Bxg2 25. Qxg2 Rd5 26. Nd6 Rd8 27. b4 Na6 28.
bxc5 Nxc5 29. d4 Nb7 30. Nc8 Qd7 31. Qc2 Rxd4 32. Nd6 Rxd1 33. Rxd1 Nxd6 34.
Rxd6 Qe7 35. Qc6 Qe8 36. Qb7 Rc8 37. Rd2 Ra8 38. h4 h5 39. Rd7 g6 40. Rxf7 Qxf7
41. Qxa8+ Kg7 42. Qb8 Qd7 43. Qd6 Qc8 44. Qe7+ Kg8 45. Qf6 Kh7 46. Kh3 Qd7 47.
Qf8 a5 48. Qd6 Qc8 49. Qxb6 Qa8 50. Qc7+ Kh6 51. Qc1 Qd5 52. f5+ Kh7 53. fxg6+
Kxg6 54. Qg5+ Kf7 55. Qxh5+ Ke7 56. Qg5+ Kd7 57. h5 Qxa2 58. h6 Qb1 59. Qg7+ Kc6
60. h7 Qh1+ 61. Kg4 Qe4+ 62. Kg5 Qf5+ 63. Kh4 Qe4+ 64. g4 Qe1+ 65. Kh5 Qh1+ 66.
Kg5 Qc1+ 67. Kg6 Qc2+ 68. Kf6 Qf2+ 69. Kxe6 Qa2+ 70. Ke7 Qa3+ 71. Ke8 1-0

[Event "World Blitz Women 2016"]
[Site "Doha QAT"]
[Date "2016.12.29"]
[Round "2.6"]
[White "Harika, Dronavalli"]
[Black "Khademalsharieh, Sarasadat"]
[Result "1-0"]
[WhiteTitle "GM"]
[BlackTitle "IM"]
[WhiteElo "2543"]
[BlackElo "2438"]
[WhiteFideId "5015197"]
[BlackFideId "12512214"]
[EventDate "2016.12.29"]

1. d4 Nf6 2. Bg5 c5 3. d5 Ne4 4. Bc1 e6 5. c4 b5 6. Qc2 exd5 7. cxd5 Nf6 8. Nf3
d6 9. e4 a6 10. Bg5 Be7 11. a4 b4 12. Bc4 O-O 13. O-O Bg4 14. Nbd2 Nbd7 15. h3
Bh5 16. Bf4 Re8 17. a5 Bf8 18. Rfe1 h6 19. Bg3 g5 20. e5 dxe5 21. Nxe5 Nxe5 22.
Rxe5 Bg6 23. Qb3 Rxe5 24. Bxe5 Nd7 25. Bg3 Bg7 26. d6 Qf6 27. Re1 Qxb2 28. Re7
Qxb3 29. Nxb3 Bf5 30. Rxf7 Bd3 31. Bd5 Rc8 32. Rxd7+ Kh8 33. Rc7 Rd8 34. Nxc5
Bb5 35. Rxg7 Rc8 36. Rc7 1-0

[Event "World Blitz Women 2016"]
[Site "Doha QAT"]
[Date "2016.12.29"]
[Round "2.8"]
[White "Lagno, Kateryna"]
[Black "Geldiyeva, Mahri"]
[Result "1-0"]
[WhiteTitle "GM"]
[BlackTitle "WGM"]
[WhiteElo "2530"]
[BlackElo "2220"]
[WhiteFideId "14109336"]
[BlackFideId "14000059"]
[EventDate "2016.12.29"]

1. e4 e6 2. d4 d5 3. exd5 exd5 4. Nf3 Nf6 5. Bd3 Be7 6. O-O O-O 7. h3 b6 8. Re1
Re8 9. Nbd2 Bb7 10. Nf1 Nbd7 11. Ng3 Nf8 12. Nf5 Bd6 13. Rxe8 Nxe8 14. c3 Bc8
15. Qc2 Bxf5 16. Bxf5 g6 17. Bd3 Ne6 18. Bb5 Nf6 19. Bc6 Rb8 20. a4 Qe7 21. Ne5
Nd8 22. Bb5 Bxe5 23. dxe5 Qxe5 24. Be3 c6 25. Bd4 Qd6 26. Re1 Ne4 27. Bd3 Ne6
28. Be3 Re8 29. Bxe4 dxe4 30. Qxe4 Ng7 31. Qf3 Qd3 32. Rd1 Qc4 33. Rd4 Qe6 34.
g4 f5 35. Qg3 Qe5 36. Qxe5 Rxe5 37. Rd7 Ra5 38. b3 fxg4 39. hxg4 Ne6 40. Re7 Nc5
41. b4 Rxa4 42. bxc5 Rxg4+ 43. Kf1 bxc5 44. Bxc5 a5 45. Bd4 h5 46. Rc7 a4 47.
Rxc6 Kf7 48. Ra6 h4 49. Rxa4 h3 50. Ra7+ Ke6 51. Rh7 Kd5 52. Rxh3 Re4 53. Rg3
Re6 54. Re3 1-0

[Event "World Blitz Women 2016"]
[Site "Doha QAT"]
[Date "2016.12.29"]
[Round "2.9"]
[White "Sviridova, Vlada"]
[Black "Koneru, Humpy"]
[Result "1-0"]
[WhiteTitle "WFM"]
[BlackTitle "GM"]
[WhiteElo "2144"]
[BlackElo "2557"]
[WhiteFideId "24109606"]
[BlackFideId "5008123"]
[EventDate "2016.12.29"]

1. d4 e6 2. c4 c5 3. d5 exd5 4. cxd5 d6 5. Nc3 Ne7 6. e4 Ng6 7. h3 Be7 8. Nf3
O-O 9. Bd3 a6 10. a4 Re8 11. O-O Nd7 12. b3 Bf6 13. Bb2 Rb8 14. Qd2 Nde5 15.
Nxe5 Bxe5 16. f4 Bd4+ 17. Kh2 Bd7 18. a5 b5 19. axb6 Rxb6 20. Ne2 Bxb2 21. Qxb2
Bb5 22. Bxb5 axb5 23. Ng3 Qd7 24. Ra5 f6 25. Qa2 Rb7 26. Ra6 Ne7 27. Qd2 Rc8 28.
Rc1 h6 29. Qe2 Rbc7 30. Ra2 c4 31. bxc4 bxc4 32. Rac2 Qb5 33. Nf1 Qb4 34. Rc3
Ng6 35. Qf2 Re8 36. Qf3 Rec8 37. R1c2 Ne7 38. Ne3 Rc5 39. Qe2 Ng6 40. g3 Re8 41.
Nf5 Rxd5 42. Qxc4 Qxc4 43. Rxc4 Rd3 44. Rc7 Nxf4 45. Rxg7+ Kf8 46. gxf4 Rxe4 47.
Rc8+ Re8 48. Rxe8+ Kxe8 49. Re7+ Kf8 50. Re6 d5 51. Rxf6+ Ke8 52. Rxh6 Rd2+ 53.
Kg3 d4 54. Rd6 d3 55. Kf3 Rd1 56. Ne3 Rh1 57. Kg2 Re1 58. Rxd3 Re2+ 59. Kf3 Rh2
60. Kg3 Ra2 61. f5 Kf7 62. Ng4 Ra4 63. Rd7+ Ke8 64. Rb7 Kf8 65. f6 Ke8 66. f7+
Kf8 67. Nf6 Kg7 68. Nh5+ Kf8 69. Nf4 Ra6 70. Kg4 Rc6 71. h4 Ra6 72. h5 Rc6 73.
Ng6+ 1-0

[Event "World Blitz Women 2016"]
[Site "Doha QAT"]
[Date "2016.12.29"]
[Round "2.13"]
[White "Charochkina, Daria"]
[Black "Sloan, Julia Elizabeth"]
[Result "1-0"]
[WhiteTitle "IM"]
[BlackTitle "CM"]
[WhiteElo "2383"]
[BlackElo "2173"]
[WhiteFideId "4180917"]
[BlackFideId "2018950"]
[EventDate "2016.12.29"]

1. d4 d6 2. Bf4 Nd7 3. Nf3 g6 4. e3 Bg7 5. h3 h6 6. Be2 b6 7. O-O Bb7 8. c3 a6
9. Nbd2 e5 10. Bh2 Qe7 11. e4 f5 12. Bd3 f4 13. a4 Ngf6 14. a5 b5 15. c4 b4 16.
c5 dxc5 17. dxe5 Nxe5 18. Nxe5 Qxe5 19. Nc4 Qg5 20. Qf3 Nh5 21. Qg4 O-O 22. e5
f3 23. g3 Bd5 24. Rad1 Bxc4 25. Bxc4+ Kh8 26. Qxg5 hxg5 27. Rd5 Rfe8 28. Re1 Bf8
29. g4 Nf4 30. Bxf4 gxf4 31. Rd7 Re7 32. Rd5 Ree8 33. g5 c6 34. Rd7 Re7 35. e6
Rae8 36. Red1 Kg7 37. Bxa6 1-0